000 005320000a22002050004500
003 LK-CoMWRAF
005 20230922182123.0
008 230817t1974 ||||| |||| 00| 0 eng d
040 _aLK-CoMWRAF
_dLK-CoMWRAF
_eLK-CoMWRAF
041 _aeng
082 _a297
_bNIA
100 _aNiazi, Kausar
245 _aFundamental truths
250 _a1st Edition
260 _aPakistan (Lahore) :
_bSh.Muhammad ashraf,
_c1974
300 _avii,148p. ; 22cm.
650 _a Islam -- Doctrines
650 _aPillars of Islam
942 _cBK
999 _c1966
_d1966